Online
Catalog

Viva Sandino : (Record no. 17446)

MARC details
000 -CABECERA
campo de control de longitud fija 01400nam a2200349 i 4500
001 - NÚMERO DE CONTROL
campo de control 000017922
003 - IDENTIFICADOR DEL NÚMERO DE CONTROL
campo de control DO-SdBNP
005 - FECHA Y HORA DE LA ÚLTIMA TRANSACCIÓN
campo de control 20231205083342.0
007 - CAMPO FIJO DE DESCRIPCIÓN FÍSICA--INFORMACIÓN GENERAL
campo de control de longitud fija ta
008 - DATOS DE LONGITUD FIJA--INFORMACIÓN GENERAL
campo de control de longitud fija 100407s1987 dr g 010 0dspa d
040 ## - FUENTE DE LA CATALOGACIÓN
Centro catalogador/agencia de origen DO-SdBNP
Lengua de catalogación spa
Centro/agencia transcriptor BNPHU
Normas de descripción rda
082 #4 - NÚMERO DE LA CLASIFICACIÓN DECIMAL DEWEY
Número de clasificación 972.85052
Número de documento/Ítem F676v
Número de edición 22
100 1# - ENTRADA PRINCIPAL--NOMBRE DE PERSONA
Nombre de persona Fonseca, Carlos,
9 (RLIN) 38885
Término indicativo de función/relación autor
245 10 - MENCIÓN DE TÍTULO
Título Viva Sandino :
Resto del título obras /
Mención de responsabilidad, etc. Carlos Fonseca ; presentación, Jaime Wheelock Román.
264 ## - PRODUCCIÓN, PUBLICACIÓN, DISTRIBUCIÓN, FABRICACIÓN Y COPYRIGHT
Producción, publicación, distribución, fabricación y copyright Santo Domingo :
Nombre del de productor, editor, distribuidor, fabricante UASD,
Fecha de producción, publicación, distribución, fabricación o copyright 1987.
300 ## - DESCRIPCIÓN FÍSICA
Extensión volumen ;
Dimensiones 22 cm.
336 ## - TIPO DE CONTENIDO
Fuente rdacontent
Término de tipo de contenido texto
Código de tipo de contenido txt
337 ## - TIPO DE MEDIO
Fuente rdamedia
Nombre/término del tipo de medio sin mediación
Código del tipo de medio n
338 ## - TIPO DE SOPORTE
Fuente rdacarrier
Nombre/término del tipo de soporte volumen
Código del tipo de soporte nc
490 ## - MENCIÓN DE SERIE
Mención de serie Publicaciones de la Universidad Autónoma de Santo Domingo
Designación de volumen o secuencia 567
490 ## - MENCIÓN DE SERIE
Mención de serie Historia y Sociedad
Designación de volumen o secuencia 75
500 ## - NOTA GENERAL
Nota general La biblioteca posee v.2
500 ## - NOTA GENERAL
Nota general Recopilación de textos del Instituto de Estudio del Sandinismo
505 0# - NOTA DE CONTENIDO CON FORMATO
Nota de contenido con formato v.2--
Información miscelánea Presentación /
Mención de responsabilidad Jaime Wheelock Román --
Título Viva Sandino --
-- Cronología de la resistencia sandinista --
-- Ideario político del general Sandino.
590 ## - NOTA LOCAL (RLIN)
Nota local Inventariado, 2020/YL
600 14 - PUNTO DE ACCESO ADICIONAL DE MATERIA--NOMBRE DE PERSONA
Nombre de persona Sandino, Augusto César, 1895-1934
Subdivisión general Pensamiento político
9 (RLIN) 38886
650 #4 - PUNTO DE ACCESO ADICIONAL DE MATERIA--TÉRMINO DE MATERIA
Término de materia o nombre geográfico como elemento de entrada Nicaragua
Subdivisión general Historia
Subdivisión cronológica F.S.L.N., 1961-1979
9 (RLIN) 38887
700 1# - PUNTO DE ACCESO ADICIONAL--NOMBRE DE PERSONA
Nombre de persona Wheelock Román, Jaime,
Término indicativo de función/relación presentación
9 (RLIN) 38888
830 #0 - PUNTO DE ACCESO ADICIONAL DE SERIE-TÍTULO UNIFORME
Título uniforme Historia y Sociedad
Número de parte o sección de la obra nº. 75
9 (RLIN) 38889
910 ## - DATOS DE OPCIÓN DEL USUARIO (OCLC)
Datos de opción del usuario Validado. Control de calidad EMS.
942 ## - ELEMENTOS DE PUNTO DE ACCESO ADICIONAL (KOHA)
Fuente del sistema de clasificación o colocación Dewey Decimal Classification
Tipo de ítem Koha Libro
Holdings
Estado de retiro Estado de pérdida Fuente del sistema de clasificación o colocación Restricciones de uso No para préstamo Código de colección Localización permanente Ubicación/localización actual Ubicación en estantería Fecha de adquisición Total de préstamos Signatura topográfica completa Código de barras Fecha visto por última vez Número de copia Precio válido a partir de Tipo de ítem Koha Fuente de adquisición Nota pública
    Dewey Decimal Classification Préstamo en sala   Patrimonio Dominicano Biblioteca Nacional Pedro Henríquez Ureña Biblioteca Nacional Pedro Henríquez Ureña Depósito 29.03.2012   BNPHU DS 972.85052 F676v 17922-30 25.06.2020 v.2, e.3 25.06.2020 Libro    
    Dewey Decimal Classification Préstamo en sala   Dominicana de Servicio Biblioteca Nacional Pedro Henríquez Ureña Biblioteca Nacional Pedro Henríquez Ureña Depósito 29.03.2012   BNPHU DS 972.85052 F676v 17922-40 25.06.2020 v.2, e.4 25.06.2020 Libro    
    Dewey Decimal Classification Excluido de préstamo   Patrimonio Dominicano Biblioteca Nacional Pedro Henríquez Ureña Biblioteca Nacional Pedro Henríquez Ureña Depósito 07.04.2010   BNPHU PD 972.85052 F676v 17922-10 25.06.2020 v.2 25.06.2020 Libro Donación Perteneció a la biblioteca personal de Germán Emilio Ornes.
    Dewey Decimal Classification Excluido de préstamo   Patrimonio Dominicano Biblioteca Nacional Pedro Henríquez Ureña Biblioteca Nacional Pedro Henríquez Ureña Depósito 29.03.2012   BNPHU PD 972.85052 F676v 17922-20 25.06.2020 v.2, e.2 25.06.2020 Libro    
    Dewey Decimal Classification Préstamo en sala   Dominicana de Servicio Biblioteca Nacional Pedro Henríquez Ureña Biblioteca Nacional Pedro Henríquez Ureña Depósito 04.12.2023   BNPHU DS 972.85052 F676v 2023-8223 04.12.2023 v.2, e.5 04.12.2023 Libro Donación  

Powered by Koha